50 Projects to start with 5,00,000 / (Record no. 124571)

MARC details
000 -LEADER
fixed length control field 00637nam a22002177a 4500
005 - DATE AND TIME OF LATEST TRANSACTION
control field 20170124105941.0
010 ## - LIBRARY OF CONGRESS CONTROL NUMBER
LC control number B-083020
020 ## - INTERNATIONAL STANDARD BOOK NUMBER
Terms of availability 400.00
International Standard Book Number 8178330601
035 ## - SYSTEM CONTROL NUMBER
System control number B-083020
037 ## - SOURCE OF ACQUISITION
Source of stock number/acquisition Cen Lib/Ret
040 ## - CATALOGING SOURCE
Original cataloging agency DPL
Language of cataloging EN
082 ## - DEWEY DECIMAL CLASSIFICATION NUMBER
Classification number 338.642
Item number MUR
100 ## - MAIN ENTRY--PERSONAL NAME
Personal name Muralidharan, Jamuna
9 (RLIN) 11197
245 ## - TITLE STATEMENT
Title 50 Projects to start with 5,00,000 /
Statement of responsibility, etc by Jamuna Muralidharan
260 ## - PUBLICATION, DISTRIBUTION, ETC. (IMPRINT)
Place of publication, distribution, etc Delhi
Name of publisher, distributor, etc Asia Pacific Business Press
270 ## - ADDRESS
City Delhi
Address 106-E, kamla Nagar
Postal code 110007
300 ## - PHYSICAL DESCRIPTION
Extent 245p.
Dimensions 22cm(Hb)
650 ## - SUBJECT ADDED ENTRY--TOPICAL TERM
Topical term or geographic name as entry element Entreneurship
9 (RLIN) 11198
650 ## - SUBJECT ADDED ENTRY--TOPICAL TERM
Topical term or geographic name as entry element Employment
9 (RLIN) 73565
942 ## - ADDED ENTRY ELEMENTS (KOHA)
Source of classification or shelving scheme Dewey Decimal Classification
Koha item type English Books
Classification part 338.642
Call number suffix MUR
Holdings
Withdrawn status Lost status Damaged status Not for loan Collection code Home library Current library Date acquired Source of acquisition Cost, normal purchase price Total Checkouts Full call number Barcode Date last seen Copy number Cost, replacement price Price effective from Koha item type
      Not For Loan Reference Central Library Central Library 17/06/2015 Cen Lib/Ret 400.00   338.642 MUR B-083020 17/06/2015 1 400.00 17/06/2015 English Books

© Delhi Public Library
Hit Counter
free hit counter